00653pab a2200193 454500008004000000100002000040245010900060260000900169300001300178362001200191650002200203650002400225650001600249700001900265773004400284909001000328999001700338952010400355180718b2005 xxu||||| |||| 00| 0 eng d aJohnson, P.N.T. aArrangements for SPS measures and awareness of food safety issues among producers and consumers in Ghana c2005 ap.83-96. aJul-Dec aConsumers - Ghana aFood supply - Ghana aFood supply aKwadzo, G.T.M. aAfro-Asian Journal of Rural Development a68843 c68843d68843 00104070aIIPAbIIPAd2018-07-19hVolume no: 38, Issue no: 2pAR69299r2018-07-19w2018-07-19yAR